Welcome to the Holygrace Academy Library

Please use search bar below to get started

101 MATHEMATICAL PROJECTS (Record no. 1242)

MARC details
000 -LEADER
fixed length control field 00367nam a22001457a 4500
020 ## - INTERNATIONAL STANDARD BOOK NUMBER
ISBN 0-521-67140-X
082 ## - DEWEY DECIMAL CLASSIFICATION NUMBER
Classification number 510
Item number BOL/M
100 ## - MAIN ENTRY--AUTHOR NAME
Personal name BOLT BRIAN
100 ## - MAIN ENTRY--AUTHOR NAME
Personal name HOBBS DAVID
245 ## - TITLE STATEMENT
Title 101 MATHEMATICAL PROJECTS
Remainder of title A RESOURCE BOOK
260 ## - PUBLICATION, DISTRIBUTION, ETC. (IMPRINT)
Place of publication UNITED KINGDOM
Name of publisher CAMBRIDGE UNIVERSITY PRESS
Year of publication 2005
300 ## - PHYSICAL DESCRIPTION
Number of Pages 168
650 ## - SUBJECT ADDED ENTRY--TOPICAL TERM
Topical Term MATHS REFERENCE
Geographic subdivision INDIA
942 ## - ADDED ENTRY ELEMENTS (KOHA)
Koha item type Books
Holdings
Withdrawn status Lost status Collection code Home library Current library Shelving location Date acquired Source of acquisition Full call number Accession Number Koha item type
    Reference Main Library Main Library SHELF-5 A REFERENCE MATHS 10/03/2006 purchase 510 BOL/M 02260 Books